| 000 | 01627nam a22004457a 4500 | ||
|---|---|---|---|
| 999 |
_c1155 _d1155 |
||
| 001 | 000007 | ||
| 003 | CoMeUDC000007 | ||
| 005 | 20190201174804.0 | ||
| 008 | 130821s1996 mx gr spa | ||
| 020 | _a9688806854 (6a.Ed.) | ||
| 020 | _a9688803510 (5a.Ed.) | ||
| 020 | _a9688800198 (2a.Ed.) | ||
| 040 |
_aCo-BoUCM _bspa _cCoMeUDC _d[Nuevo] |
||
| 041 | 0 | 0 | _aspa |
| 082 | 0 | 4 |
_a658 _220 _bS878 |
| 100 | 1 |
_aStoner, James A. F. _995234 |
|
| 245 | 1 | 0 |
_aAdministración / _cJames A. F. Stoner, R. Edward Freeman, Daniel R. Gilbert ; traducción, Pilar Mascaró Sacristán. |
| 250 | _aSexta edición. | ||
| 260 |
_aMéxico D.F. (México) : _bPrentice-Hall Hispanoamericana, _c1996. |
||
| 300 | _a688 páginas ; | ||
| 500 | _aEjemplar 4 donación Dr. Guillermo Galán. | ||
| 650 | 0 | 4 |
_9435 _aAdministración de empresas |
| 650 | 0 | 4 |
_aAdministración de recursos humanos _98572 |
| 650 | 0 | 4 |
_aCalidad _910310 |
| 650 | 0 | 4 |
_aComunicación en administración _911353 |
| 650 | 0 | 4 |
_aCultura corporativa _912394 |
| 650 | 0 | 4 |
_aEstructura organizacional _915152 |
| 650 | 0 | 4 |
_aLiderazgo _918533 |
| 650 | 0 | 4 |
_aOrganización _920847 |
| 650 | 0 | 4 |
_aPlanificación estratégica _921662 |
| 650 | 0 | 4 |
_aResponsabilidad social de los negocios _923694 |
| 650 | 0 | 4 |
_aSistemas de información en administración _924623 |
| 650 | 0 | 4 |
_aToma de decisiones _925505 |
| 650 | 0 | 4 |
_aTrabajo en equipo _925591 |
| 700 | 1 |
_aFreeman, R. Edward _d1951- _974627 |
|
| 700 | 1 |
_aGilbert, Daniel R. _995235 |
|
| 700 | 1 |
_aMascaró Sacristán, Pilar _etraductor _948550 |
|
| 765 | _tManagement | ||
| 942 |
_cBK _a16 _e6 _mS76 _2ddc _h658 |
||